| 000 | 00460nam a2200157 a 4500 | ||
|---|---|---|---|
| 001 | 000044509 | ||
| 005 | 20201002045426.0 | ||
| 008 | 140703s1999 dr 000 0 spa d | ||
| 020 | _a8479711728 | ||
| 040 |
_aDO-SdBNP _bspa _cBNPHU |
||
| 082 |
_a463.1 _bD545d |
||
| 245 | 0 | 0 | _aDiccionario de sinónimos y antónimos. |
| 260 |
_aSanto Domingo : _bSusaeta, _c1999. |
||
| 300 |
_a472 p. ; _c22 cm. |
||
| 650 | 4 |
_aEspañol _xSinónimos y antónimos _vDICCIONARIOS _92781 |
|
| 999 |
_c43998 _d43998 |
||